Matemática 2 : (Registro nro. 9556)

Detalles MARC
000 -LIDER
fixed length control field 01633nam a2200337 a 4500
001 - NÚMERO DE CONTROL
Identificador de número de control 000139
003 - IDENTIFICACDOR DE NÚMERO DE CONTROL
control field DO-SdBNP
005 - DATE AND TIME OF LATEST TRANSACTION
control field 20180312154846.0
007 - CAMPOS FIJOS DE DESCRIPCIÓN FÍSICA
fixed length control field 00139
008 - ELEMENTOS DE LONGITUD FIJA
fixed length control field 150130s2013 dr 201 000 0 spa d
020 ## - ISBN
International Standard Book Number 9789945122046
040 ## - FUENTE DE CATALOGACIÓN
Agencia que crea de manera original el registro BNPHU
Idioma de catalogación spa
Agencia que realiza la transcripción BNPHU
092 ## - LOCALLY ASSIGNED DEWEY DECIMAL CALL NUMBER
Número de clasificación 373.7
Número de ítem (Cutter) P349m 2do. 2013
100 1# - ASIENTO PRINCIPAL -- NOMBRE PERSONAL
Nombre personal Peña Geraldino, Rafael
245 10 - MENCIÓN DE TITULO
Título Matemática 2 :
Subtítulo [educación media] /
Mención de responsabilidad Rafael Peña Geraldino ; ilustraciones Julio César Martínez
260 ## - PUBLICACIÓN, DISTRIBUCIÓN, ETC. (PIE DE IMPRENTA)
Lugar de publicación, distribución, etc Santo Domingo :
Nombre del editor, distribuidor, etc. Susaeta,
Fecha de publicación, distribución, etc 2013
300 ## - DESCRIPCIÓN FÍSICA
Extensión 255 p :
Otros detalles físicos il., retrs. ;
Dimensiones 28 cm.
505 1# - NOTA DE CONTENIDO
Título Unidad 1 --
-- La Grecia antigua --
-- Unidad 2 --
-- Los inicios de la geometría --
-- Unidad 3 --
-- El renacimiento de las ciencias y el arte --
-- Unidad 4 --
-- Destrucción de la biblioteca de Alejandría --
-- Unidad 5 --
-- Los "Elementos" de Euclides --
-- Unidad 6 --
-- La revolución industrial --
-- Unidad 7 --
-- Grandes avances de finales del siglo XIX (1800-1900) --
-- Unidad 8 --
-- El siglo XX (1900-2000) --
-- Unidad 9 --
-- Computadoras y cohetes espaciales --
-- Unidad 10 --
-- Genética --
650 #4 - ENCABEZAMIENTO DE MATERIA--TEMÁTICO
Término temático o nombre geográfico como elemento de entrada EDUCACIÓN SECUNDARIA
Subdivisión geográfica REPÚBLICA DOMINICANA
650 #4 - ENCABEZAMIENTO DE MATERIA--TEMÁTICO
Término temático o nombre geográfico como elemento de entrada MATEMÁTICAS
Subdivisión temática general ESTUDIOS Y EJERCICIOS
650 #4 - ENCABEZAMIENTO DE MATERIA--TEMÁTICO
Término temático o nombre geográfico como elemento de entrada MATEMÁTICAS
Subdivisión temática general ENSEÑANZA SECUNDARIA
650 #4 - ENCABEZAMIENTO DE MATERIA--TEMÁTICO
Término temático o nombre geográfico como elemento de entrada MATEMÁTICAS
Subdivisión temática general LIBROS DE TEXTOS
700 12 - ASIENTO SECUNDARIO -- NOMBRE PERSONAL
Término de relación Martínez, Julio César ,
Mención de responsabilidad il.
910 ## - VALIDACIÓN
Validación Validado. Control de calidad MFF
942 ## - ADDED ENTRY ELEMENTS (KOHA)
Source of classification or shelving scheme Dewey Decimal Classification
Koha item type Libros
945 ## - INFORMACIÓN DE PROCESAMIENTO LOCAL
Información de procesamiento local Remanejada para la BNPHU 2018 / BT
956 ## - LOCAL ELECTRONIC LOCATION AND ACCESS (OCLC)
Nombre de host DGARCIA
Número de acceso 10
Información de compresión 20150715
Inicio de sesión BND01
Procesador de solicitud 0842
956 ## - LOCAL ELECTRONIC LOCATION AND ACCESS (OCLC)
Nombre de host YLOCKWARD
Número de acceso 10
Información de compresión 20150720
Inicio de sesión BND01
Procesador de solicitud 1321
956 ## - LOCAL ELECTRONIC LOCATION AND ACCESS (OCLC)
Nombre de host VMATEO
Número de acceso 10
Información de compresión 20150720
Inicio de sesión BPMSU
Procesador de solicitud 00151
956 ## - LOCAL ELECTRONIC LOCATION AND ACCESS (OCLC)
Nombre de host BTAVÁREZ
Número de acceso 10
Información de compresión 20160405
Inicio de sesión 00139
Existencias
Withdrawn status Lost status Source of classification or shelving scheme Damaged status Not for loan Home library Current library Date acquired Source of acquisition Total Checkouts Full call number Barcode Date last seen Price effective from Koha item type Collection code Copy number
    Dewey Decimal Classification     Biblioteca Pública Metropolitana Salomé Ureña Biblioteca Pública Metropolitana Salomé Ureña 04/05/2016 Donación   373.7 P349m 2do. 2013 BPMSU16040106 04/05/2016 04/05/2016 Libros    
    Dewey Decimal Classification     Biblioteca Pública Metropolitana Salomé Ureña Biblioteca Pública Metropolitana Salomé Ureña 04/05/2016 Donación   373.7 P349m 2do. 2013 BPMSU16040107 04/05/2016 04/05/2016 Libros   ej. 2